000 01480cad a22002775a 4500
001 L158210
008 141015s2014 xxk f 000 0 eng d
035 _a(Sirsi) u158210
041 0 _aeng
110 2 _aGreat Britain
_bHealth and Safety Executive
245 0 0 _aLegionnaires' disease
_bTechnical guidance Part 1 The Control of Legionella bacteria in evaporative cooling systems
_h[electronic resource]
260 _aLondon
_bHSE
_c2014
490 0 _aHSG274
520 _aPart 1 of a three part series offering practical advice on the legal requirements of the Health and Safety at Work etc Act 1974, the Control of Substances Hazardous to Health Regulations 2002 concerning the risk from exposure to legionella and guidance on compliance with the relevant parts of the Management of Health and Safety at Work Regulations 1999. Looks at the control of Legionella bacteria in evaporative cooling systems. For Part 2 see L158211 and for Part 3 see L158212.
590 _aKA
650 2 4 _aLEGIONNAIRES' DISEASE
650 2 4 _aRISK
650 2 4 _aWATER TANKS
650 2 4 _aHEALTH AND SAFETY AT WORK ETC ACT 1974
650 2 4 _aCONTROL OF SUBSTANCES HAZARDOUS TO HEALTH REGULATIONS 2002
650 2 4 _aMANAGEMENT OF HEALTH & SAFETY AT WORK REGULATIONS 1999
651 4 _aUnited Kingdom
_y
690 _aHealth and safety
_96244
856 4 0 _uhttps://www.hse.gov.uk/pubns/priced/hsg274part1.pdf
_zView the item free of charge from the www.hse.gov.uk website
942 _n0
999 _c115202
_d115202